000 00319nam a2200133Ia 4500
008 240624s9999 xx 000 0 und d
041 _aeng
082 _a823 ISL
100 _aMACLEAN ALISTAIR
245 _aBEAR ISLAND
260 _c2009
_aNew Delhi
_bHarperCollins
300 _a455 : p. : cm. ; 18
365 _cRS
_b25
999 _c18432
_d18432